Modern digital and analog communication systems (Record no. 11481)

000 -LEADER
fixed length control field 01107cam a2200301 a 4500
001 - CONTROL NUMBER
control field 15351447
005 - DATE AND TIME OF LATEST TRANSACTION
control field 20170105102339.0
008 - FIXED-LENGTH DATA ELEMENTS--GENERAL INFORMATION
fixed length control field 080701s2009 nyua b 001 0 eng
010 ## - LIBRARY OF CONGRESS CONTROL NUMBER
LC control number 2008029440
020 ## - INTERNATIONAL STANDARD BOOK NUMBER
International Standard Book Number 9780195331455 (hardcover : alk. paper)
020 ## - INTERNATIONAL STANDARD BOOK NUMBER
International Standard Book Number 0195331451 (hardcover : alk. paper)
040 ## - CATALOGING SOURCE
Original cataloging agency DLC
Transcribing agency DLC
Modifying agency DLC
082 00 - DEWEY DECIMAL CLASSIFICATION NUMBER
Classification number 621.382
Edition number 22
100 1# - MAIN ENTRY--PERSONAL NAME
Personal name Lathi, B. P.
Fuller form of name (Bhagwandas Pannalal)
245 10 - TITLE STATEMENT
Title Modern digital and analog communication systems
Statement of responsibility, etc. B.P. Lathi, Zhi Ding.
250 ## - EDITION STATEMENT
Edition statement 4th ed.
260 ## - PUBLICATION, DISTRIBUTION, ETC.
Place of publication, distribution, etc. New York :
Name of publisher, distributor, etc. Oxford University Press,
Date of publication, distribution, etc. 2009.
300 ## - PHYSICAL DESCRIPTION
Extent xix, 1004 p. :
Other physical details ill. ;
Dimensions 27 cm.
490 1# - SERIES STATEMENT
Series statement Oxford series in electrical and computer engineering
504 ## - BIBLIOGRAPHY, ETC. NOTE
Bibliography, etc. note Includes bibliographical references and index.
650 #0 - SUBJECT ADDED ENTRY--TOPICAL TERM
Topical term or geographic name entry element Telecommunication systems.
650 #0 - SUBJECT ADDED ENTRY--TOPICAL TERM
Topical term or geographic name entry element Digital communications.
650 #0 - SUBJECT ADDED ENTRY--TOPICAL TERM
Topical term or geographic name entry element Statistical communication theory.
700 1# - ADDED ENTRY--PERSONAL NAME
Personal name Ding, Zhi,
Dates associated with a name 1962-
830 #0 - SERIES ADDED ENTRY--UNIFORM TITLE
Uniform title Oxford series in electrical and computer engineering.
856 41 - ELECTRONIC LOCATION AND ACCESS
Materials specified Table of contents only
Uniform Resource Identifier <a href="http://www.loc.gov/catdir/toc/fy0903/2008029440.html">http://www.loc.gov/catdir/toc/fy0903/2008029440.html</a>
942 ## - ADDED ENTRY ELEMENTS (KOHA)
Source of classification or shelving scheme
Koha item type Book
Holdings
Withdrawn status Lost status Damaged status Not for loan Collection code Permanent Location Current Location Shelving location Date acquired Source of acquisition Cost, normal purchase price Total Checkouts Total Renewals Full call number Barcode Checked out Date last seen Date last checked out Price effective from Koha item type
          Central Library (CL) Central Library (CL) General Stacks 01/07/2013 Allied Book Company 808.00 3 1 621.382 LAT SEECS011828 06/23/2021 02/23/2021 02/23/2021 01/09/2013 Book
          Central Library (CL) Central Library (CL) General Stacks 01/07/2013 Allied Book Company 808.00 7 6 621.382 LAT SEECS011829 02/26/2026 01/27/2026 01/27/2026 01/09/2013 Book
          Central Library (CL) Central Library (CL) General Stacks 01/07/2013 Allied Book Company 808.00 5 1 621.382 LAT SEECS011830   11/15/2025 01/30/2024 01/09/2013 Book
          Central Library (CL) Central Library (CL) General Stacks 01/07/2013 Allied Book Company 808.00 6 4 621.382 LAT SEECS011831 01/16/2022 10/11/2021 10/11/2021 01/09/2013 Book
          Central Library (CL) Central Library (CL) General Stacks 01/07/2013 Allied Book Company 808.00 11 4 621.382 LAT SEECS011832   03/13/2026 03/03/2026 01/09/2013 Book
          Central Library (CL) Central Library (CL) General Stacks 09/09/2013 Donation 0.00 9 7 621.382 LAT SEECSD00953   03/16/2026 08/26/2019 01/05/2017 Book
© 2023 Central Library, National University of Sciences and Technology. All Rights Reserved.